Emerging challenges and opportunities in NR technology (Record no. 58566)

MARC details
000 -LEADER
fixed length control field 00500nam a2200193Ia 4500
100 ## - MAIN ENTRY--AUTHOR NAME
Personal name Mathew N M
245 #0 - TITLE STATEMENT
Title Emerging challenges and opportunities in NR technology
260 ## - PUBLICATION, DISTRIBUTION, ETC. (IMPRINT)
Name of publisher Rubber Science
Year of publication 2012
300 ## - PHYSICAL DESCRIPTION
Number of Pages 241-252
650 ## - SUBJECT ADDED ENTRY--TOPICAL TERM
Topical Term Chemical modification
650 ## - SUBJECT ADDED ENTRY--TOPICAL TERM
Topical Term Primary processing
650 ## - SUBJECT ADDED ENTRY--TOPICAL TERM
Topical Term Protein allergy
650 ## - SUBJECT ADDED ENTRY--TOPICAL TERM
Topical Term REACH
650 ## - SUBJECT ADDED ENTRY--TOPICAL TERM
Topical Term Reclamation
650 ## - SUBJECT ADDED ENTRY--TOPICAL TERM
Topical Term Retreading
650 ## - SUBJECT ADDED ENTRY--TOPICAL TERM
Topical Term Rubber industry
942 ## - ADDED ENTRY ELEMENTS (KOHA)
Koha item type Journals
Holdings
Withdrawn status Lost status Damaged status Not for loan Home library Current library Shelving location Date acquired Serial Enumeration / chronology Koha item type
      Journals RRII Library RRII Library Rubber technology 15/03/2013 Volume 25, Issue 2 Journals